| 000 | 02909cam a22004454a 4500 | ||
|---|---|---|---|
| 001 | 15469497 | ||
| 005 | 20090313151849.0 | ||
| 008 | 080926s2009 maua b 001 0 eng | ||
| 010 | _a 2008042656 | ||
| 016 | 7 |
_a101485428 _2DNLM |
|
| 020 | _a9780763751265 (hbk. : alk. paper) | ||
| 020 | _a076375126X (hbk. : alk. paper) | ||
| 035 |
_a(OCoLC)259902106 _z(OCoLC)244056960 |
||
| 035 | _a(OCoLC)ocn259902106 | ||
| 040 |
_aDNLM/DLC _cDLC _dBTCTA _dBAKER _dYDXCP _dNLM _dC#P _dCDX _dDLC |
||
| 042 | _apcc | ||
| 050 | 0 | 0 |
_aRC108 _b.L83 2009 |
| 060 | 0 | 0 | _a2009 C-090 |
| 060 | 1 | 0 |
_aWT 500 _bC5577 2009 |
| 082 | 0 | 0 |
_a616.044 _222 _bCHR |
| 245 | 0 | 0 |
_aChronic illness : _bimpact and intervention / _c[edited by] Pamala D. Larsen, Ilene Morof Lubkin. |
| 250 | _a7th ed. | ||
| 260 |
_aSudbury, Mass. : _bJones and Bartlett Publishers, _cc2009. |
||
| 300 |
_axvii, 634 p. : _bill. ; _c24 cm. |
||
| 500 | _aIncludes Index. | ||
| 504 | _aIncludes bibliographical references and index. | ||
| 505 | 0 | _aChronicity / Pamala D. Larsen -- Illness behavior / Pamala D. Larsen -- Stigma / Diane L. Stuenkel and Vivian K. Wong -- Adaptation / Pamala D. Larsen and Faye I. Hummel -- Social isolation / Diana Luskin Biordi and Nicholas R. Nicholson -- Body image / Diana Luskin Biordi -- Quality of life / Victoria Schirm -- Adherence / Jill Berg ... [et al.] -- Family caregiving / Linda L. Pierce and Barbara J. Lutz -- Sexuality / Margaret Chamberlain Wilmoth -- Powerlessness / Faye I. Hummel -- Culture / Pamala D. Larsen and Sonya R. Hardin -- Self care / Judith E. Hertz -- Client and family education / Elaine T. Miller -- Health promotion / Alicia Huckstadt -- The role of the advanced practice nurse in chronic illness / Lisa L. Onega -- Symptom management / Linda L. Steele and James R. Steele -- Alternative, complementary, and integrative therapies / Lisa L. Onega -- Models of care / Pamala D. Larsen -- Home health care / Cynthia S. Jacelon -- Long-term care / Kristen L. Mauk and Susan J. Barnes -- Palliative care / Barbara M. Raudonis -- Policy and politics / Betty Smith-Campbell -- Rehabilitation / Kristen L. Mauk. | |
| 650 | 0 |
_aChronic diseases _xPsychological aspects. _912229 |
|
| 650 | 0 |
_aChronic diseases _xNursing. _912230 |
|
| 650 | 0 |
_aChronically ill _xFamily relationships. _912231 |
|
| 650 | 0 |
_aNurse and patient. _912232 |
|
| 650 | 1 | 2 |
_aChronic Disease _xpsychology. _912233 |
| 650 | 2 | 2 |
_aProfessional-Family Relations. _912234 |
| 650 | 2 | 2 |
_aProfessional-Patient Relations. _912235 |
| 700 | 1 |
_aLarsen, Pamala D., _d1958- _912236 |
|
| 700 | 1 |
_aLubkin, Ilene Morof, _d1928- _912237 |
|
| 942 |
_2ddc _cBB |
||
| 999 |
_c13579 _d13579 |
||